000 00291nam a22001097a 4500
999 _c13624
_d13624
082 _a808.84491
100 _aنسیمہ بن سراج
245 _aدیس بدیس
260 _aکراچی
_bخواجہ پرنٹرز اینڈ پبلشرز
_c٢٠٠٣
300 _a٢٣٣ صفحات
942 _cBK